Normal view
MARC view
Entry Personal Name
001 - CONTROL NUMBER
- control field: 73343
003 - CONTROL NUMBER IDENTIFIER
- control field: dpl
005 - DATE AND TIME OF LATEST TRANSACTION
- control field: 20241024113112.0
008 - FIXED-LENGTH DATA ELEMENTS
- fixed length control field: 241024|| aca||aabn | a|a d
040 ## - CATALOGING SOURCE
- Original cataloging agency: dpl
- Transcribing agency: dpl
100 ## - HEADING--PERSONAL NAME
- Personal name: Suresh, R. V
670 ## - SOURCE DATA FOUND
- Source citation: Work cat.: (dpl)206680: Contemporary Management:, 2024
